header

Strangers to relatives (Record no. 1737)

MARC details
000 -LEADER
fixed length control field 01393nam a22003494a 4500
082 04 - DEWEY DECIMAL CLASSIFICATION NUMBER
Classification number 305.897/0072
245 00 - TITLE STATEMENT
Title Strangers to relatives
260 ## - PUBLICATION, DISTRIBUTION, ETC. (IMPRINT)
Place of publication Lincoln :
Name of publisher University of Nebraska Press,
Year of publication c2001.
300 ## - PHYSICAL DESCRIPTION
Number of Pages 270 p. :
Other physical details map.
650 #0 - SUBJECT ADDED ENTRY--TOPICAL TERM
Topical Term Indians of North America.
Topical Term Ethnologists
Topical Term Ethnology
Topical Term Adoption
Topical Term Names, Indian
700 1# - ADDED ENTRY--PERSONAL NAME
Personal name Kan, Sergei.
856 40 - ELECTRONIC LOCATION AND ACCESS
Uniform Resource Identifier http://site.ebrary.com/lib/rucke/Doc?id=5002703

No items available.

© 2026 Rongo University
Contact us: librarian | system librarian | Rongo university